| 000 | 00557nam a2200193 i 4500 | ||
|---|---|---|---|
| 001 | 16685 | ||
| 003 | ES-MaACL | ||
| 005 | 20230906151355.0 | ||
| 007 | t| | ||
| 008 | 001025s2000 sp ||||1| spa d | ||
| 020 | _a84-923530-1-5 | ||
| 080 | _a821.134.2-14"19" | ||
| 100 | 1 |
_aMayoral, José-Luis. _979421 |
|
| 245 | 1 | 0 |
_aTiempo de espacio / _cJosé-Luis Mayoral. |
| 250 | _a1ª ed. | ||
| 260 |
_a[S.l. : _bs.n.], _c2000 ( _eMadrid : _fJisan Printer) |
||
| 300 |
_a98 p. ; _c21 cm. |
||
| 852 |
_aES-MaACL _jL-23811 _bR.129181 _q. - Ded. autógr. del autor |
||
| 999 |
_c16685 _d16685 |
||